Statistics for Generator Puzzle #26

Click here to take the quiz!

General Stats

  • This quiz has been taken 774 times
  • The average score is 16 of 21

Answer Stats

HintAnswer% Correct
Oregon, Florida, eg.State
96%
Opposite of looseTight
95%
Triangle, square eg.Shape
94%
Performing platformStage
94%
Number less than tenEight
93%
Swine, hogPig
93%
School examTest
92%
Leaf of a bookPage
91%
Scotch, duct or masking, egTape
90%
Non-believer in GodAtheist
86%
All time before nowPast
86%
Perceive flavourTaste
86%
Exhale with despairSigh
85%
Trail, walkwayPath
83%
Japanese hostessGeisha
73%
Spirit of the time, Zeit_____Geist
60%
Two all-beef _______Patties
55%
8th Greek letterTheta
52%
10% church taxTithe
52%
Malice, vindictivenessSpite
48%
9-Letter WordSPAGHETTI
17%

Score Distribution

Percentile by Number Answered

Percent of People with Each Score

Your Score History

You have not taken this quiz